Utasitások [utasítások!] a podheringi sör- és pálinkafőzésről 1701-ben

Elmentve itt :
Bibliográfiai részletek
Dokumentumtípus: Cikk
Megjelent: 1899
Sorozat:Magyar gazdaságtörténelmi szemle 6
Kulcsszavak:Közgazdaságtudomány, Gazdaságtörténet
Online Access:http://misc.bibl.u-szeged.hu/441
LEADER 00589nab a2200157 i 4500
001 misc441
005 20191106144146.0
008 170607s1899 hu o 0|| ger d
040 |a SZTE Miscellanea Repozitórium  |b hun 
041 |a ger 
245 0 0 |a Utasitások [utasítások!] a podheringi sör- és pálinkafőzésről 1701-ben  |h [elektronikus dokumentum] 
260 |c 1899 
300 |a 313-317 
490 0 |a Magyar gazdaságtörténelmi szemle  |v 6 
695 |a Közgazdaságtudomány, Gazdaságtörténet 
856 4 0 |u http://misc.bibl.u-szeged.hu/441/1/gazd_tort_szeml_1899_313-317.pdf  |z Dokumentum-elérés